100 matches avec l'OM_Mort Subite (difficile) - Statistiques

Statistiques générales
  • Ce quiz a été pris 71 fois
  • Le résultat moyen est 2 sur 15
Answers on the Grid
Answers color-coded by a green-red scale on the quiz's grid according to % correct below.
Adil Rami
Alain Giresse
Amine Harit
Benjamin Mendy
Carlos Mozer
Cengiz Ünder
Chancel Mbemba
Djibril Cissé
Fabrizio Ravanelli
Franck Ribéry
Hatem Ben Arfa
Hilton
Jérémy Morel
Jonathan Clauss
Jordan Amavi
Jordan Ayew
Jordan Veretout
Loïc Rémy
Lucas Ocampos
Luis Henrique
Luiz Gustavo
Mattéo Guendouzi
Morgan Amalfitano
Pape Gueye
Pascal Olmeta
Robert Pirès
Rolando
Stéphane Mbia
William Gallas
Yohann Pelé
 
Statistiques - réponses
Réponse % Correct
107 matches Amine Harit
33%
132 matches Lucas Ocampos
23%
147 matches Jordan Ayew
20%
118 matches Carlos Mozer
18%
102 matches Stéphane Mbia
18%
108 matches William Gallas
18%
153 matches Jérémy Morel
15%
115 matches Pape Gueye
15%
103 matches Mattéo Guendouzi
13%
112 matches Pascal Olmeta
13%
123 matches Rolando
13%
101 matches Benjamin Mendy
10%
108 matches Luis Henrique
8%
127 matches Jordan Amavi
5%
111 matches Loïc Rémy
3%
Aucun quiz correspondant
Distribution des résultats
% des personnes avec chaque résultat
Percentile par nombre de réponses
Votre historique - résultats
Vous n’avez pas pris ce quiz